000 01244nam2a22002771 4500
001 rc\4074624
005 20250610234352.0
021 _aRU
_b[51-816]
035 _a(NLR Aleph) 007966571
090 _a8432838
_c8432837
100 _a20130415d1950 |||y0rusy50 ca
101 0 _arus
102 _aRU
105 _aa z |||a|
200 1 _aПьесы. 1871-1874
_f[Сост. К.Н. Державин
_gПодгот. и коммент. Н.В. Водовозова]
210 _cГослитиздат
_d1950
_aБ. м.
215 _a376 с., 7 л. ил.
461 0 _1001rc\4074618
_12001#$aПолное собрание сочинений$eТ. 1-$vТ. 6
_1700#1$aОстровский$bА.Н.$cдраматург$f1823-1886$gАлександр Николаевич$3RU\NLR\AUTH\776244
_98432803
_aОстровский, А. Н. (драматург ; 1823-1886)
_cМосква
_d1949
_nГослитиздат
_oТ. 1-
_tПолное собрание сочинений
_vТ. 6
702 1 _aВодовозов
_bН.В.
_4212
702 1 _aДержавин
_bК.Н.
_gКонстантин Николаевич
_4220
801 0 _aRU
_bNLR
_gpsbo
801 1 _aRU
_bELAR
_2rusmarc
852 _aNLR
_jЛ30 Г-3/1711
942 _cBOOK
980 _aNB